Las Manchas del Jaguar : huellas indigenas en la historia de Costa Rica, valle Central siglos XVI-XX (Registro nro. 1692)
[ vista simple ]
| 000 -CABECERA | |
|---|---|
| campo de control de longitud fija | 00725ata a2200241 4500 |
| 005 - FECHA Y HORA DE ACTUALIZACIÓN | |
| campo de control | 20160405101139.0 |
| 008 - LONGITUD FIJA | |
| campo de control de longitud fija | 150318b xxu||||| |||| 00| 0 spa d |
| 041 ## - IDIOMA | |
| Código de idioma del texto/pista de sonido o título separado | |
| 082 ## - CLASIFICACIÓN DECIMAL DEWEY | |
| Número de clasificación | 972.860.1 |
| Número de documento/Ítem | I12m |
| 100 ## - AUTOR PERSONAL | |
| Nombre de persona | Ibarra Rojas, Eugenia |
| 245 ## - TÍTULO PROPIAMENTE DICHO | |
| Título | Las Manchas del Jaguar : huellas indigenas en la historia de Costa Rica, valle Central siglos XVI-XX |
| 260 ## - PIE DE IMPRENTA | |
| Lugar de publicación, distribución, etc. | Costa Rica |
| 260 ## - PIE DE IMPRENTA | |
| Nombre del editor, distribuidor, etc. | Universidad de Costa Rica |
| 260 ## - PIE DE IMPRENTA | |
| Fecha de publicación, distribución, etc. | 2010 |
| 300 ## - DESCRIPCIÓN FÍSICA | |
| Extensión | 135 páginas |
| 650 ## - Materia General | |
| Materia general | INDIOS DE COSTA RICA |
| 650 ## - Materia General | |
| Materia general | INDÍGENAS |
| 650 ## - Materia General | |
| Materia general | HISTORIA |
| 650 ## - Materia General | |
| Materia general | CULTURA INDÍGENA |
| 650 ## - Materia General | |
| Materia general | HISTORIA PRECOLOMBINA |
| 650 ## - Materia General | |
| Materia general | PUEBLOS INDÍGENAS |
| 942 ## - Punto de Acceso Adicional Koha | |
| Tipo de ítem Koha | Libro |
| Estado perdido | Estado dañado | No para préstamo | Biblioteca permanente | Biblioteca actual | Signatura completa | Código de barras | Tipo de ítem | Precio efectivo a partir del |
|---|---|---|---|---|---|---|---|---|
| Perdido | Departamento de Biblioteca y Documentación Alfonso Chase Brenes | Departamento de Biblioteca y Documentación Alfonso Chase Brenes | 972.860.1 I12m | 19319 | Libro | |||
| Departamento de Biblioteca y Documentación Alfonso Chase Brenes | Departamento de Biblioteca y Documentación Alfonso Chase Brenes | 972.860.1 I12m | 10895 | Libro | 05/04/2016 |